Statistics for NFL Teams That Have Appeared In The Most Super Bowls

Click here to take the quiz!

General Stats

  • This quiz has been taken 217 times
    (202 since last reset)
  • The average score is 13 of 14

Answer Stats

# of Super BowlsTeam% Correct
11New England Patriots
99%
8Pittsburgh Steelers
99%
4Buffalo Bills
95%
8Dallas Cowboys
95%
5Green Bay Packers
94%
5New York Giants
92%
6San Francisco 49ers
92%
8Denver Broncos
91%
5Los Angeles / Oakland Raiders
91%
5Miami Dolphins
86%
4St. Louis / Los Angeles Rams
86%
4Minnesota Vikings
84%
4Baltimore / Indianapolis Colts
82%
5Washington Redskins
82%

Score Distribution

Percentile by Number Answered

Percent of People with Each Score

Your Score History

You have not taken this quiz since the last reset